Sbor dobrovolných hasičů Benkovice : historie /

Hlavní autor: Sonnek, Ladislav, 1928-2004
Korporativní autor: Sbor dobrovolných hasičů (Benkovice, Hradec nad Moravicí, Česko)
Další autoři: Sosna, Martin, 1986-
Jazyk: Čeština
Vydáno: Hradec Nad Moravicí : Městský úřad, 2007
Vydání: 1. vyd.
Témata:
Fyzický popis: 26 s. : il., portréty, faksim. ; 21 cm
Knihy
Uloženo v:
LEADER 02375nam a2200589 a 4500
001 nkc20071729505
003 CZ PrNK
005 20090604084105.0
007 ta
008 070808s2007 xr ach e f 000 0 cze
015 |a cnb001729505 
020 |a 978-80-254-0578-9  |q (v knize neuvedeno :  |q brož.) 
035 |a (OCoLC)189427135 
040 |a ABA001  |b cze 
043 |a e-xr---  |b e-xr-mo  |2 czenas 
045 |a w9y0 
072 7 |a 614.84  |x Požáry. Ochrana před požáry  |2 Konspekt  |9 14 
080 |a 614.842.83  |2 MRF 
080 |a 614.84  |2 MRF 
080 |a 614.84(091)  |2 MRF 
080 |a (437.326)  |2 MRF 
080 |a (041)  |2 MRF 
100 1 |a Sonnek, Ladislav,  |d 1928-2004  |7 xx0021859  |4 aut 
245 1 0 |a Sbor dobrovolných hasičů Benkovice :  |b historie /  |c Ladislav Sonnek, Martin Sosna 
250 |a 1. vyd. 
260 |a Hradec Nad Moravicí :  |b Městský úřad,  |c 2007 
300 |a 26 s. :  |b il., portréty, faksim. ;  |c 21 cm 
500 |a Vydáno u příležitosti 110. výročí založení sboru 
500 |a Název z obálky 
500 |a 100 výt. 
504 |a Obsahuje bibliografické odkazy 
648 4 |a 1897-2007 
650 0 7 |a hasičské sbory  |7 ph162652  |z Česko  |y 19.-21. stol.  |2 czenas 
650 0 7 |a požární ochrana  |7 ph124487  |z Česko  |y 19.-21. stol.  |2 czenas 
650 0 7 |a dějiny požární ochrany  |7 ph488968  |z Česko  |y 19.-21. stol.  |2 czenas 
650 0 9 |a fire departments  |z Czechia  |y 19th-21st centuries  |2 eczenas 
650 0 9 |a fire protection  |z Czechia  |y 19th-21st centuries  |2 eczenas 
650 0 9 |a history of fire protection  |z Czechia  |y 19th-21st centuries  |2 eczenas 
655 7 |a brožury  |7 fd131925  |2 czenas 
655 9 |a brochures  |2 eczenas 
610 2 7 |a Sbor dobrovolných hasičů (Benkovice, Hradec nad Moravicí, Česko)  |7 mzk2007378493  |2 czenas 
651 7 |a Benkovice (Hradec nad Moravicí, Česko)  |7 ge410104  |2 czenas 
651 9 |a Benkovice (Hradec nad Moravicí, Czechia)  |2 eczenas 
700 1 |a Sosna, Martin,  |d 1986-  |7 mzk2007401383  |4 aut 
710 2 |a Sbor dobrovolných hasičů (Benkovice, Hradec nad Moravicí, Česko)  |7 mzk2007378493 
910 2 |a BOA001  |b 2-1189.396 
928 9 |a Hradec nad Moravicí 
928 9 |a Městský úřad Hradec nad Moravicí 
990 |a BK 
995 |a 01 
991 |b 200708  |c NOV 
996 6 |b 2610316775  |c 2-1189.396  |l MZK  |r Sklad / do 1 hodiny  |n 1  |p p.v.  |w 000859320  |u 000010  |a 1  |e BOA001  |j MZK50  |s P